000 00982nam a22002898a 4500
999 _c4162
_d4162
003 OSt
005 20220318091547.0
008 901113s1990 nyua b 001 0 eng d
020 _a0824785258
040 _cALUPE UNIVERSITY COLLEGE
049 _aJHWW
_aJHWI
050 _aQP141
_b.A1N8 1990
090 _aQP141 .A1
_bN976 1990
096 _aQU 145 N9767 1991
245 0 0 _aNutrition in the '90s :
_bcurrent controversies and analysis /
_cedited by Gerald E. Gaull, Frank N. Kotsonis, Maureen A. Mackey.
260 _aNew York :
_bM. Dekker,
_cc1990.
300 _axiii, 130 p. :
_bill. ;
_c24 cm.
504 _aIncludes bibliographical references and index.
650 0 _aNutrition
_vCongresses.
650 2 _aNutritional Physiological Phenomena.
700 1 _aMackey, Maureen A.,
_d1955-
700 1 _aGaull, Gerald E.
700 1 _aKotsonis, Frank N.
910 _a147370
942 _2lcc
_cBK
_nPW
945 _aG.E.GAULL
_b1
_dGIFT
_k910530
_n40
_rDR.GERALD E.GAULL
_zPAPER
_w1